A lush and seething hell : two tales of cosmic horror /

The sea dreams it is the sky, examines life in a South American dictatorship. Centered on the journal of a poet-in-exile and his failed attempts at translating a maddening text, it is told by a young woman trying to come to grips with a country that nearly devoured itself.

Bibliographic Details
Main Author: Jacobs, John Hornor (Author)
Other Authors: Wendig, Chuck (Author of introduction, etc.)
Format: Book
Language:English
Published: New York : Harper Voyager, [2019.
Subjects:

MARC

Tag First Indicator Second Indicator Subfields
LEADER 00000cam a2200000 i 4500
001 in00005778769
005 20260420175554.2
008 200825t20192019nyu e 000 1 eng
035 |a (OCoLC)1242383662 
040 |a YDX  |e rda  |c YDX  |d BDX  |d DCK  |d TXA 
020 |a 9780062880833 (paperback) 
020 |a 0062880837 (paperback) 
082 0 |a 813.6  |2 23 
090 |a PS3610.A356434  |b A6 2019 
100 1 |a Jacobs, John Hornor,  |e author. 
245 1 2 |a A lush and seething hell :  |b two tales of cosmic horror /  |c John Hornor Jacobs ; [foreword by Chuck Wendig]. 
264 1 |a New York :  |b Harper Voyager,  |c [2019. 
264 4 |c ©2019. 
300 |a 368 pages ;  |c 21 cm. 
336 |a text  |b txt  |2 rdacontent 
337 |a unmediated  |b n  |2 rdamedia 
338 |a volume  |b nc  |2 rdacarrier 
504 |a Includes bibliographical references. 
505 0 |a The sea dreams it is the sky -- My heart struck sorrow. 
520 |a The sea dreams it is the sky, examines life in a South American dictatorship. Centered on the journal of a poet-in-exile and his failed attempts at translating a maddening text, it is told by a young woman trying to come to grips with a country that nearly devoured itself. 
650 0 |a Fantasy fiction, American. 
700 1 |a Wendig, Chuck,  |e author of introduction, etc. 
948 |h NO HOLDINGS IN TXA - 22 OTHER HOLDINGS 
994 |a Z0  |b TXA 
999 f f |i 46b9fd87-2880-49c9-a45b-2ca16327c4d9  |s 9241fce4-53e5-4760-aba4-076e759ef2a5  |t 0 
952 f f |p normal  |a Texas A&M University  |b College Station  |c Sterling C. Evans Library  |s Evans stk  |d Evans: Library Stacks  |t 0  |e PS3610.A356434 A6 2019  |h Library of Congress classification  |i unmediated -- volume  |m A14852408443 
998 f f |a PS3610.A356434 A6 2019  |t 0  |l Evans: Library Stacks